Statistics for Stations of Nishi Nippon Railway (Nishitetsu), Fukuoka, Japan

Click here to take the quiz!

General Stats

  • This quiz has been taken 11 times
  • The average score is 33 of 74

Answer Stats

LineNo.Station% Correct
Tenjin Omuta LineT01Nishitetsu Fukuoka (Tenjin)
100%
T05Ohashi
100%
T02Yakuin
100%
A01Amagi
88%
T39Nishitetsu Yanagawa
88%
T50Omuta
88%
D02Dazaifu
75%
T28Hanabatake
75%
T14Murasaki
75%
Dazaifu LineT13Nishitetsu Futsukaichi
75%
T13Nishitetsu Futsukaichi
75%
T27Nishitetsu Kurume
75%
T29Shikenjomae
75%
T49Shin Sakaemachi
75%
T15Asakuragaido
63%
T17Chikushi
63%
T06Ijiri
63%
Kaizuka LineNK01Kaizuka
63%
T09Kasugabaru
63%
Amagi LineT25Miyanojin
63%
T25Miyanojin
63%
T03Nishitetsu Hirao
63%
T11Shimoori
63%
T04Takamiya
63%
T07Zasshonokuma
63%
T24Ajisaka
50%
A11Goromaru
50%
T23Hatama
50%
T26Kushiwara
50%
T19Mikunigaoka
50%
T20Mitsusawa
50%
T33Mizuma
50%
T22Nishitetsu Ogori
50%
NK10Nishitetsu Shingu
50%
T21Oho
50%
T35Omizo
50%
T16Sakuradai
50%
T10Shirakibaru
50%
T30Tsubuku
50%
T18Tsuko
50%
T31Yasutake
50%
T32Daizenji
38%
A10Gakkomae
38%
A04Hongo
38%
T34Inuzuka
38%
T37Kamachi
38%
A08Kitano
38%
A02Mada
38%
T48Nishitetsu Ginsui
38%
T42Nishitetsu Nakashima
38%
T45Nishitetsu Wataze
38%
T40Tokumasu
38%
T38Yakabe
38%
T43Enoura
25%
T36Hatchomuta
25%
NK03Nishitetsu Chihaya
25%
D01Nishitetsu Gojo
25%
NK05Nishitetsu Kashii
25%
T47Higashi Amagi
13%
T44Hiraki
13%
A03Kamiura
13%
A06Kaneshima
13%
A09Koganchaya
13%
NK09Mitoma
13%
A07Oki
13%
A05Ozeki
13%
T41Shiotsuka
13%
NK06Kashii Kaenmae
0%
NK04Kashii Miyamae
0%
T46Kuranaga
0%
NK02Najima
0%
NK07Tonoharu
0%
T12Toruromae
0%
NK08Wajiro
0%

Score Distribution

Percentile by Number Answered

Percent of People with Each Score

Your Score History

You have not taken this quiz